. Net Security and Cryptography (Record no. 23128)

000 -LEADER
fixed length control field 00300nam a22001217a 4500
003 - CONTROL NUMBER IDENTIFIER
control field NUST
005 - DATE AND TIME OF LATEST TRANSACTION
control field 20171011130204.0
008 - FIXED-LENGTH DATA ELEMENTS--GENERAL INFORMATION
fixed length control field 150521b xxu||||| |||| 00| 0 eng d
020 ## - INTERNATIONAL STANDARD BOOK NUMBER
International Standard Book Number 812970293
Terms of availability Available
040 ## - CATALOGING SOURCE
Original cataloging agency DLC
Language of cataloging DLC
Transcribing agency RCMS
082 ## - DEWEY DECIMAL CLASSIFICATION NUMBER
Classification number 005.821 THO
100 ## - MAIN ENTRY--PERSONAL NAME
Personal name Thorsteinson, Peter
9 (RLIN) 5344
245 ## - TITLE STATEMENT
Title . Net Security and Cryptography
Statement of responsibility, etc. Thorsteinson, Peter
260 ## - PUBLICATION, DISTRIBUTION, ETC.
Place of publication, distribution, etc. India
Name of publisher, distributor, etc. Pearson Education
Date of publication, distribution, etc. C,2004
300 ## - PHYSICAL DESCRIPTION
Extent xvii,466,p:
Other physical details Pb
Dimensions 22,cm.
538 ## - SYSTEM DETAILS NOTE
Display text Shelf No 2 Row No 1
610 ## - SUBJECT ADDED ENTRY--CORPORATE NAME
General subdivision .Net Security
9 (RLIN) 5345
856 ## - ELECTRONIC LOCATION AND ACCESS
Materials specified Table of Content Only
942 ## - ADDED ENTRY ELEMENTS (KOHA)
Koha item type Book
Source of classification or shelving scheme
Holdings
Withdrawn status Lost status Damaged status Not for loan Collection code Permanent Location Current Location Shelving location Date acquired Full call number Barcode Date last seen Price effective from Koha item type
          NUST Baluchistan Campus (NBC) NUST Baluchistan Campus (NBC) General Stacks 03/01/2013 005.821THO RCMS000030 03/01/2013 01/05/2017 Book
© 2023 Central Library, National University of Sciences and Technology. All Rights Reserved.